| 000 | 00643nam a2200205 a 4500 | ||
|---|---|---|---|
| 005 | 20240529063634.0 | ||
| 008 | 090615s2007 mx r 000 0 spa d | ||
| 020 | _a9788496749568 | ||
| 035 | _aUPN01000171177 | ||
| 049 | _aI | ||
| 050 | 4 |
_aPZ76.3 _bG8.8 |
|
| 100 | 1 |
_aGutiérrez Serna, Mónica, _d1967- _936918 |
|
| 245 | 1 | 0 |
_aVecinos de cielo / _cMónica Gutiérrez Serna. |
| 260 |
_aMadrid : _bSieteleguas, _c2007. |
||
| 300 |
_a28 p. : _bprincipalmente il. |
||
| 650 | 7 |
_aAnimales _vLiteratura infantil _2 _91061 |
|
| 650 | 4 |
_aElefantes _vCuentos y leyendas _99255 |
|
| 650 | 4 |
_aRATONES - _vLITERATURA INFANTIL _910248 |
|
| 905 | _aInfantil | ||
| 999 |
_c143282 _d143282 |
||